000 01160nam a2200301Ia 4500
001 ebr10263870
003 CaPaEBR
006 m u
007 cr cn|||||||||
008 070808s2008 enkac ds 000 0aeng d
020 _z1854183923
020 _z9781854183927
040 _aCaPaEBR
_cCaPaEBR
035 _a(OCoLC)646780643
050 1 4 _aHM263
_b.D85 2008eb
100 1 _aDunn, Jim.
245 1 0 _aVery private and public relations
_h[electronic resource] /
_cJim Dunn.
260 _aLondon :
_bThorogood,
_cc2008.
300 _a339 p. :
_bill. (some col.), ports. (some col.)
533 _aElectronic reproduction.
_bPalo Alto, Calif. :
_cebrary,
_d2009.
_nAvailable via World Wide Web.
_nAccess may be limited to ebrary affiliated libraries.
600 1 0 _aDunn, Jim.
650 0 _aPublic relations personnel
_zScotland
_zGlasgow
_vBiography.
650 0 _aGay men
_zScotland
_zGlasgow
_vBiography.
650 0 _aTourism
_xPublic relations.
655 7 _aElectronic books.
_2local
710 2 _aebrary, Inc.
856 4 0 _uhttp://site.ebrary.com/lib/rucke/Doc?id=10263870
_zAn electronic book accessible through the World Wide Web; click to view
999 _c11604
_d11604